000 00640nam a2200217Ii 4500
003 JO-AjNU
008 230605s9999||||xx |||||||||||||| ||und||
017 _a1981/3955
020 _a977-7349-80-7
040 _aJO-AjNU
_bara
_erda
_cJO-AjNU
041 _aara
050 1 4 _aBP179.A22 1981
100 3 _aمحمود، عبد الحليم,
_eauthor
_938643
245 0 0 _aشهر رمضان
264 3 1 _aالقاهرة: دار المعارف، 1981
300 _a156ص
336 _atext
_btxt
_2rdacontent
337 _aunmediated
_bn
_2rdamedia
338 _avolume
_bnc
_2rdacarrier
650 4 _aشهر رمضان- الصيام
_938644
999 _aA16252
_c19820
_d19820